00323nam a22001097a 450000500170000002000180001708200170003510000180005224500770007026000480014730000180019520250929130345.0 a9788196970499 a861.62 NER/Y aNeruda, Pablo aYahi Hai Sadgi/cby Pablo Neruda Hindi translation by Prabahati Nantiyal a. - New Delhib: Prakashan Samsthanc, 2024 axii+120 pages